000 00573nam a22001817a 4500
005 20231107120817.0
008 231107b |||||||| |||| 00| 0 eng d
020 _a040904010
041 _aEnglish
082 _a346.43
100 _aLaurens, RC
_lAfrikaans
245 _aInleiding tot die studie van aktebesorging /
_cRC Laurens
250 _aTweede Uitgawe
260 _aDurban :
_bButterworth Professionele Uitgewers (Edms) Bpk,
_c1988
300 _bxxii, 145 pages ;
_c25 cm.
650 _aLegal practice
_bLaw
942 _cBK
_6ALISON_BN_VRIES
999 _c369
_d369